| 000 | nam a22 a 4500 | ||
|---|---|---|---|
| 999 |
_c1919 _d1919 |
||
| 003 | AKMAL | ||
| 005 | 20170512120741.0 | ||
| 008 | 170512s1986 xxu 00 eng d | ||
| 020 |
_a0070291691: _cfree |
||
| 020 |
_a0070291721 (pbk.): _cfree |
||
| 040 | _aAKMAL | ||
| 082 | 0 | 4 | _a346.73'07 HOE |
| 090 |
_a346.73'07 _bHOE |
||
| 245 | 0 | 0 |
_aContemporary business law : _bprinciples and cases / _cRalph C. Hoeber ... [et al.] |
| 250 | _a3rd ed. | ||
| 260 |
_aNew York : _bMcGraw-Hill Book Co., _c1986 |
||
| 300 |
_axxxvi, various pagings ; _c24cm |
||
| 500 | _aIncludes index | ||
| 650 |
_aCommercial law _xCases _zUnited States _93988 |
||
| 700 | 1 |
_aHoeber _93989 |
|
| 942 |
_2ddc _cBOOK |
||